Introduction to random processes : (Record no. 587622)

000 -LEADER
fixed length control field 00933pam a2200301 a 4500
001 - CONTROL NUMBER
control field 4346024
003 - CONTROL NUMBER IDENTIFIER
control field NUST
005 - DATE AND TIME OF LATEST TRANSACTION
control field 20220117152118.0
008 - FIXED-LENGTH DATA ELEMENTS--GENERAL INFORMATION
fixed length control field 890713s1990 nyua b 001 0 eng
010 ## - LIBRARY OF CONGRESS CONTROL NUMBER
LC control number 89037273
020 ## - INTERNATIONAL STANDARD BOOK NUMBER
International Standard Book Number 0070228558
038 ## - RECORD CONTENT LICENSOR
Staff Name waseem
040 ## - CATALOGING SOURCE
Original cataloging agency DLC
Transcribing agency DLC
Modifying agency DLC
050 00 - LIBRARY OF CONGRESS CALL NUMBER
Classification number QA274
Item number .G375 1990
082 00 - DEWEY DECIMAL CLASSIFICATION NUMBER
Classification number 519.2
Author Mark GAR
100 1# - MAIN ENTRY--PERSONAL NAME
Personal name Gardner, William A.
9 (RLIN) 88443
245 10 - TITLE STATEMENT
Title Introduction to random processes :
Remainder of title with applications to signals and systems /
Statement of responsibility, etc. William A. Gardner.
250 ## - EDITION STATEMENT
Edition statement 2nd ed.
260 ## - PUBLICATION, DISTRIBUTION, ETC.
Place of publication, distribution, etc. New York :
Name of publisher, distributor, etc. McGraw-Hill,
Date of publication, distribution, etc. c1990.
300 ## - PHYSICAL DESCRIPTION
Extent xv, 546 p. :
Other physical details ill. ;
Dimensions 24 cm.
504 ## - BIBLIOGRAPHY, ETC. NOTE
Bibliography, etc. note Includes bibliographical references (p. 523-531) and indexes.
563 ## - BINDING INFORMATION
Binding note PBK.
650 #0 - SUBJECT ADDED ENTRY--TOPICAL TERM
Topical term or geographic name entry element Stochastic processes.
9 (RLIN) 88444
650 #0 - SUBJECT ADDED ENTRY--TOPICAL TERM
Topical term or geographic name entry element Stochastic systems.
9 (RLIN) 88445
650 #0 - SUBJECT ADDED ENTRY--TOPICAL TERM
Topical term or geographic name entry element Signal processing.
9 (RLIN) 88446
906 ## - LOCAL DATA ELEMENT F, LDF (RLIN)
a 7
b cbc
c orignew
d 1
e ocip
f 19
g y-gencatlg
942 ## - ADDED ENTRY ELEMENTS (KOHA)
Source of classification or shelving scheme
Koha item type Book
Holdings
Withdrawn status Lost status Source of classification or shelving scheme Damaged status Not for loan Permanent Location Current Location Date acquired Source of acquisition Total Checkouts Full call number Barcode Date last seen Price effective from Koha item type
          Central Library (CL) Central Library (CL) 01/17/2022 Donated by Hammad Mehmood Cheema Principal RCMS   519.2 GAR CL-D-1425 07/22/2025 01/17/2022 Book
© 2023 Central Library, National University of Sciences and Technology. All Rights Reserved.